Manažérske rozhodovanie vo vybranom podniku diplomová práca

Enregistré dans:
Détails bibliographiques
Auteur principal: Slezáková, Lenka
Collectivité auteur: Fakulta podnikového manažmentu EU. Katedra manažmentu
Autres auteurs: Jankelová, Nadežda, 1966-
Format: Livre
Langue:slovaque
Publié: Bratislava 2014
Tags: Ajouter un tag
Pas de tags, Soyez le premier à ajouter un tag!

MARC

LEADER 00000nbm a2200000 4500
001 0188120
005 20170201093305.6
041 0 |a slo 
044 |a SK 
245 1 0 |a Manažérske rozhodovanie vo vybranom podniku  |b diplomová práca  |c Lenka Slezáková ; školiteľ: Nadežda Jankelová 
264 1 |a Bratislava  |c 2014 
300 |a 85 s. 
100 1 |a Slezáková, Lenka 
700 1 |a Jankelová, Nadežda, 1966- 
710 2 |a Fakulta podnikového manažmentu EU. Katedra manažmentu